Quizzes
Events
Quiz Creation
Community
Videos
Private Events
Remove Ads
Sign In
Join for FREE
Feedback
Dark Mode
Quiz Categories
Sports
Geography
Music
Movies
Television
Just For Fun
Miscellaneous
History
Literature
Language
Science
Gaming
Entertainment
Religion
Holiday
For Kids
Quiz Lab
Recent
Popular Today
Quiz Kudos Today
Editor Picks
Curator Picks
Quizzes by...
Day
Popularity
Type
Ratings
Length
Year
Community
Subscriptions
Recent Discussions
Orange Saloon
Badges
Playlists
Quests
Create
Leaderboards
Showdown
Live 5
Trivia Bingo
Activity
Puzzle Library
Sporcle Events
Private Events
Virtual Trivia
Globe League
Become a Host
Pub Owners
SporcleCon
Opinionation
Our Games
Videos
Blog
Mobile Apps
Partnerships
Remove Ads and Go Orange
Feedback
Sports
Athletes
MLB
NBA
NHL
NFL
Soccer
Sports Teams
WWE
NCAA
Football
Premier League
Basketball
Baseball
Hockey
Golf
Tennis
Cricket
Rugby
Auto Racing
Olympics
World Cup
Sports
Athletes
MLB
NBA
NHL
NFL
Soccer
Sports Teams
WWE
NCAA
Football
Premier League
Basketball
Baseball
Hockey
Golf
Tennis
Cricket
Rugby
Auto Racing
Olympics
World Cup
Random Quiz
Search Sporcle
×
Curator Pick
Curator Pick
Sports
NFL
Type in answers that appear in a list
Type in answers that appear in a list
Classic
Best Score? Go Orange.
Last Five Starting QBs Stats
Can you name the Last Five Quarterbacks to Start a Game for Each Team?
By
Gook
10m
160 Questions
7,519 Plays
7,519 Plays
7,519 Plays
Comments
Comments
Give Quiz Kudos
Give Quiz Kudos
-
- Ratings
hide this ad
Replay
Link that replays current quiz
Next Quiz
Link to next quiz in quiz playlist
You Got
0%
They Got
Avg Score
65%
Avg Friend Score
Upgrade to see
Score Distribution
Jump to the score distribution portion of the page
Score
0/160
Timer
10:00
0
Plays Today
Team
% Correct
Arizona Cardinals
Kyler Murray
95.9%
Atlanta Falcons
Matt Ryan
94.1%
Baltimore Ravens
Lamar Jackson
93.6%
Green Bay Packers
Aaron Rodgers
93%
New England Patriots
Tom Brady
92.1%
Indianapolis Colts
Matt Ryan
92.1%
Cincinnati Bengals
Brandon Allen
91.2%
Los Angeles Rams
Matthew Stafford
90.9%
Detroit Lions
Matthew Stafford
90.6%
Kansas City Chiefs
Alex Smith
90.5%
Buffalo Bills
Josh Allen
90.6%
Los Angeles Chargers
Drew Brees
90.4%
Tampa Bay Buccaneers
Tom Brady
90.2%
Houston Texans
Kyle Allen
90.1%
Denver Broncos
Russell Wilson
89.8%
New York Jets
Zach Wilson
89.7%
Detroit Lions
Jared Goff
89.3%
Carolina Panthers
Baker Mayfield
89.2%
Arizona Cardinals
Joshua Dobbs
89.2%
Los Angeles Rams
Baker Mayfield
89%
Dallas Cowboys
Dak Prescott
89%
New England Patriots
Mac Jones
88.9%
Cleveland Browns
Deshaun Watson
88.7%
New York Jets
Aaron Rodgers
88.3%
Tampa Bay Buccaneers
Baker Mayfield
88.3%
Minnesota Vikings
Joshua Dobbs
88.3%
Seattle Seahawks
Geno Smith
88.1%
Seattle Seahawks
Russell Wilson
88.1%
New York Giants
Daniel Jones
87.8%
Cleveland Browns
Joe Flacco
87.5%
Las Vegas Raiders
Derek Carr
87.2%
Los Angeles Chargers
Philip Rivers
87.1%
Pittsburgh Steelers
Ben Roethlisberger
86.5%
Kansas City Chiefs
Patrick Mahomes
86.4%
Chicago Bears
Andy Dalton
85.9%
Philadelphia Eagles
Carson Wentz
85.7%
Dallas Cowboys
Andy Dalton
85.6%
New England Patriots
Cam Newton
85.6%
New Orleans Saints
Derek Carr
85.4%
Buffalo Bills
Tyrod Taylor
85.4%
Cincinnati Bengals
Andy Dalton
85.3%
New Orleans Saints
Jameis Winston
84.9%
Minnesota Vikings
Kirk Cousins
84.7%
Indianapolis Colts
Gardner Minshew
84.2%
New York Giants
Tyrod Taylor
84.1%
Jacksonville Jaguars
Trevor Lawrence
84%
Carolina Panthers
Bryce Young
83.8%
New Orleans Saints
Andy Dalton
83.7%
Seattle Seahawks
Tarvaris Jackson
83.6%
Tampa Bay Buccaneers
Jameis Winston
83.1%
Los Angeles Chargers
Tyrod Taylor
83.1%
Atlanta Falcons
Marcus Mariota
83%
Chicago Bears
Justin Fields
82.9%
Tennessee Titans
Ryan Tannehill
82.8%
Team
% Correct
New York Jets
Joe Flacco
82.5%
Tampa Bay Buccaneers
Ryan Fitzpatrick
81.8%
Cincinnati Bengals
Joe Burrow
81.6%
Carolina Panthers
Sam Darnold
81.6%
Miami Dolphins
Ryan Fitzpatrick
81.5%
Carolina Panthers
Andy Dalton
81.2%
Philadelphia Eagles
Nick Foles
81.1%
Los Angeles Chargers
Justin Herbert
80.9%
Houston Texans
C. J. Stroud
80.8%
Denver Broncos
Teddy Bridgewater
80.3%
Atlanta Falcons
Desmond Ridder
80.3%
Washington Commanders
Carson Wentz
80.3%
Green Bay Packers
Jordan Love
80.3%
Tennessee Titans
Marcus Mariota
80.2%
Denver Broncos
Drew Lock
78.3%
Los Angeles Rams
Carson Wentz
77.6%
Indianapolis Colts
Anthony Richardson
77.1%
Pittsburgh Steelers
Kenny Pickett
77%
San Francisco 49ers
Brock Purdy
76.7%
Miami Dolphins
Tua Tagovailoa
76.3%
Pittsburgh Steelers
Mitchell Trubisky
74.2%
San Francisco 49ers
Jimmy Garoppolo
73.5%
Philadelphia Eagles
Jalen Hurts
73.5%
Jacksonville Jaguars
Gardner Minshew
72.9%
Indianapolis Colts
Nick Foles
72.8%
Miami Dolphins
Jacoby Brissett
72.5%
Philadelphia Eagles
Gardner Minshew
72.3%
Seattle Seahawks
Drew Lock
72.2%
Las Vegas Raiders
Jimmy Garoppolo
71.3%
New Orleans Saints
Taysom Hill
70.1%
Miami Dolphins
Teddy Bridgewater
69.3%
Pittsburgh Steelers
Mason Rudolph
68.7%
Houston Texans
Davis Mills
68.6%
Baltimore Ravens
Tyler Huntley
68.4%
New York Giants
Tommy DeVito
67.8%
Philadelphia Eagles
Sam Bradford
67.8%
Cleveland Browns
Dorian Thompson-Robinson
67.7%
San Francisco 49ers
Trey Lance
67.3%
Tennessee Titans
Will Levis
66.1%
San Francisco 49ers
Sam Darnold
65.3%
Atlanta Falcons
Taylor Heinicke
64.8%
Tennessee Titans
Joshua Dobbs
64.1%
Green Bay Packers
Matt Flynn
61.7%
Cincinnati Bengals
Jake Browning
61.4%
Cleveland Browns
Phillip Walker
60.4%
Washington Commanders
Taylor Heinicke
60.2%
New England Patriots
Bailey Zappe
59.3%
Tampa Bay Buccaneers
Josh McCown
58.6%
Washington Commanders
Ryan Fitzpatrick
58.4%
Los Angeles Chargers
Easton Stick
56.6%
Las Vegas Raiders
Aidan O'Connell
56.2%
Pittsburgh Steelers
Devlin Hodges
55.9%
Atlanta Falcons
Matt Schaub
55.2%
Kansas City Chiefs
Chad Henne
54.6%
Team
% Correct
Washington Commanders
Sam Howell
54.5%
Minnesota Vikings
Nick Mullens
54%
Baltimore Ravens
Josh Johnson
52.8%
Houston Texans
Case Keenum
52.3%
New England Patriots
Brian Hoyer
50.4%
Baltimore Ravens
Robert Griffin III
49.9%
Chicago Bears
Tyson Bagent
49.7%
Jacksonville Jaguars
Mike Glennon
49.7%
Miami Dolphins
Skylar Thompson
47.9%
Dallas Cowboys
Cooper Rush
47.8%
Denver Broncos
Jarrett Stidham
47.6%
Carolina Panthers
Phillip Walker
46.9%
Tennessee Titans
Malik Willis
46.7%
Buffalo Bills
Nathan Peterman
45.8%
New York Jets
Trevor Siemian
45.3%
Chicago Bears
Nathan Peterman
44.9%
Green Bay Packers
Brett Hundley
43.6%
Las Vegas Raiders
Jarrett Stidham
41%
Arizona Cardinals
Clayton Tune
40.8%
Baltimore Ravens
Anthony Brown
40.2%
Jacksonville Jaguars
C. J. Beathard
39.8%
Arizona Cardinals
Trace McSorley
39%
Kansas City Chiefs
Blaine Gabbert
38.8%
Kansas City Chiefs
Matt Moore
38.3%
San Francisco 49ers
C. J. Beathard
37.7%
Las Vegas Raiders
Brian Hoyer
37.6%
Minnesota Vikings
Jaren Hall
36.9%
Seattle Seahawks
Charlie Whitehurst
35.4%
Chicago Bears
Trevor Siemian
35.1%
Dallas Cowboys
Ben DiNucci
34.7%
Indianapolis Colts
Sam Ehlinger
34.5%
Cleveland Browns
Jeff Driskel
32.7%
Arizona Cardinals
David Blough
32.6%
New York Jets
Tim Boyle
32.4%
Green Bay Packers
Scott Tolzien
31.9%
Buffalo Bills
Derek Anderson
31.6%
New Orleans Saints
Ian Book
29.7%
Buffalo Bills
Matt Barkley
28.7%
Detroit Lions
David Blough
28.3%
New York Giants
Jake Fromm
27.8%
Los Angeles Rams
John Wolford
27.2%
Los Angeles Rams
Brett Rypien
25.6%
Detroit Lions
Jeff Driskel
24.1%
Detroit Lions
Tim Boyle
23.9%
Houston Texans
Jeff Driskel
23.6%
Dallas Cowboys
Garrett Gilbert
23.3%
Cincinnati Bengals
Ryan Finley
22%
Minnesota Vikings
Sean Mannion
21.2%
Denver Broncos
Brett Rypien
21.1%
New York Giants
Davis Webb
20.7%
Washington Commanders
Garrett Gilbert
20.6%
Jacksonville Jaguars
Jake Luton
16.3%
Quiz Playlist
Details
Report
Send in Message
Add To Playlist
Classic:
Type in answers that appear in a list
Last Updated: Jan 7, 2024
Curator Pick in
NFL
Quiz Scoreboard
CHALLENGE
Sign Up to Join the Scoreboard
Show All
Scores
Hide
Comments
May contain spoilers
Recently Published
Alphabetical 'K' Countries by Flag Minefield
by ylime102
Geography
3m
Pick 6: Fruits
by JohnFran
Miscellaneous
15s
Click the 1999 NBA Draft
by nibperrychub
Sports
2m
More to Explore
Quiz From the Vault
Featured Blog Post
15 Basketball Trivia Facts You Can Be March Mad About
hide this ad
You Might Also Like...
Tags
NFL Quiz
2000s
Cleveland Browns
Dallas Cowboys
Los Angeles Rams
Pittsburgh Steelers
Quarterbacks
Starting QB
Today's Top Quizzes in Sports
Browse Sports
hide this ad
Today's Top Quizzes in NFL
Browse NFL
Top Contributed Quizzes in Sports
1
Don't Strike Out: 3000 Strikeouts
2
MLB 2 truths and a lie: Hall of Fame pitchers
3
MLB Players with Two .350 Batting Average Seasons
4
Last 10 Members of the 500 HR Club in Order
5
Criteria MLB: Left Handed Sluggers
6
One Time Final Four Teams
7
Millionaire: NBA Finals Edition
8
MLB Teams by First Game
9
Pitchers With Multiple No-Hitters
10
Pick 6: NFL Teams
Explore More
Trending Topics
NBA
Crossword
Anime
Marvel
Kpop
Harry Potter
Disney
Soccer
Country
Puzzle
The Office
Song
NFL
WWE
Pokémon
hide this ad
More By:
Gook
Quiz
Plays
Rating
Category
Featured
Created
Quarterbacks That Won on 4 Teams
36,457
4.70
Sports
Oct 9, 2015
Last Five Starting QBs
7,519
4.62
Sports
Oct 12, 2011
Ben Roethlisberger's Touchdown Receivers
4,786
4.00
Sports
May 31, 2011
Name a Wrestler (Other Than Hulk Hogan) Who...
3,311
4.00
Sports
Dec 5, 2015
Hulk Hogan's Pay-Per-View Opponents
2,826
4.09
Sports
May 31, 2011
Go to Creator's Profile
Score Distribution
Quiz Creator Spotlight
Gook
Follow
Send a Message
Quizzes Created
-
Created Quiz Play Count
-
More By This Creator
Popular Quizzes Today
1
Find the US States - No Outlines Minefield
2
Countries of Asia Without Outlines Minefield
3
Pick 6: Fruits
4
Alphabetical 'K' Countries by Flag Minefield
5
The Countries of the World
6
Click the 1999 NBA Draft
7
Find the US States
8
Match the Book to the Film X
More Sports Quizzes
MLB National League MVP Runners-Up (1980s)
Quiz Lab
Trending Quizzes
Pick 6: Harry Potter
Pick 6: Mountains
Pick 6: NFL Teams
Pick 6: Golfers
Pick 6: Movie Franchises
Recently Updated
Women's Final Four Teams by Year
bhenderson79
Presidents Quartet II
eogle
Anything But Clue(do)
eogle
Anything But Oceanian Capitals
eogle
Anything But 7
eogle
Anything But Thing
eogle
Word Ladder: February 29
pecheneg
Song Title Questions
pecheneg
Women's NCAA Tournament #1 Seeds
pecheneg
Celebrity Mug Shots
pecheneg
Trending Topics
Marvel
Crossword
Disney
Kpop
NBA
Anime
Harry Potter
NFL
The Office
Puzzle
Country
Soccer
Pokémon
WWE
Song
Your Account Isn't Verified!
In order to create a playlist on Sporcle, you need to verify the email address you used during registration. Go to your
Sporcle Settings
to finish the process.
Report this User
Report this user for behavior that violates our
Community Guidelines
.
Details:
Send Report
Go to the Sporcle.com Mobile Site →
Comments